000 00331nam a2200121Ia 4500
008 250110s9999 xx 000 0 und d
041 _aeng
100 _aShinde Shweta
_9182644
245 _aAgro Tourism Resort In Panchgani
260 _bFinal Year B.Arch ID, Pune
_c2014
300 _a43p
700 _aGuide Name:Modak S N
_9210319
999 _c363511
_d363511